Statistics for Pakistan Ülke Testi

Click here to take the quiz!

General Stats

  • This quiz has been taken 130 times
  • The average score is 7 of 22

Answer Stats

İpucuCevap% Correct
Başkentİslamabad
84%
Bayrakta görünen iki nesneHilal
74%
Bayrakta görünen iki nesneYıldız
71%
Pakistan’dakinden daha fazla müslümanın yaşadığı tek ülkeEndonezya
69%
Resmi dillerİngilizce
65%
Resmi dillerUrdu
52%
En popüler sporKriket
46%
Eskiden Doğu Pakistan olarak bilinen ülkeBangladeş
40%
En kalabalık iki şehirLahor
39%
En kalabalık iki şehirKaraçi
31%
Pakistan’ın milli hayvanıBurma boynuzlu {keçi}
18%
En uzun nehri - antik medeniyet sitesiİndus
18%
Dünyanın ikinci en yüksek dağı, Çin sınırındaK2
18%
Pakistan’ın bu denize kıyısı vardır.Umman Denizi
15%
Pakistan'da en yaygın soyadı
(İpucu: K ile başlar)
Khan
14%
Pakistan’ın kurucusuMuhammed Ali
Cinnah
14%
Tek kadın başbakanBenazir Butto
12%
En çok konuşulan dillerPeştuca
12%
En çok konuşulan dillerPencapça
5%
Ulusal sporÇim hokeyi
4%
K ile başlayan şehir, ayrıca Belucistan'ın başkentiKetta
4%
Ulusal çiçek (İpucu: beyaz)Yasemin
2%

Score Distribution

Percentile by Number Answered

Percent of People with Each Score

Your Score History

You have not taken this quiz